<?xml version="1.0" encoding="UTF-8"?>
<collection xmlns="http://www.loc.gov/MARC21/slim">
 <record>
  <leader>00862nam a2200253   4500</leader>
  <controlfield tag="001">000016528</controlfield>
  <controlfield tag="003">12931</controlfield>
  <controlfield tag="005">20150812150807.0</controlfield>
  <controlfield tag="008">121109s2011                           sd</controlfield>
  <datafield tag="082" ind1="1" ind2=" ">
   <subfield code="a">546</subfield>
   <subfield code="b">NG-N</subfield>
  </datafield>
  <datafield tag="100" ind1="0" ind2=" ">
   <subfield code="a">Nguyễn Thế Ngôn</subfield>
  </datafield>
  <datafield tag="245" ind1="0" ind2="0">
   <subfield code="a">Hóa học vô cơ</subfield>
   <subfield code="c">Nguyễn Thế Ngôn</subfield>
  </datafield>
  <datafield tag="250" ind1=" " ind2=" ">
   <subfield code="a">tái bản lần 1</subfield>
  </datafield>
  <datafield tag="260" ind1=" " ind2=" ">
   <subfield code="a">H.</subfield>
   <subfield code="b">Đại học Sư phạm</subfield>
   <subfield code="c">2011</subfield>
  </datafield>
  <datafield tag="774" ind1=" " ind2=" ">
   <subfield code="b">tái bản lân 1</subfield>
   <subfield code="d">Đại học Sư phạm</subfield>
   <subfield code="d">H.</subfield>
   <subfield code="d">2011</subfield>
   <subfield code="g">T.1</subfield>
   <subfield code="h">287 tr</subfield>
   <subfield code="t">Hóa học vô cơ</subfield>
   <subfield code="w">12932</subfield>
  </datafield>
  <datafield tag="774" ind1=" " ind2=" ">
   <subfield code="a">Nguyễn Thế Ngôn</subfield>
   <subfield code="b">Tái bản lần thứ nhất, có sửa chữa, bổ sung</subfield>
   <subfield code="d">H.</subfield>
   <subfield code="d">Đại học Sư pham</subfield>
   <subfield code="d">2011</subfield>
   <subfield code="g">Tập 1</subfield>
   <subfield code="h">287 tr.</subfield>
   <subfield code="w">20514</subfield>
  </datafield>
  <datafield tag="OWN" ind1=" " ind2=" ">
   <subfield code="a">LSP</subfield>
  </datafield>
  <datafield tag="999" ind1=" " ind2=" ">
   <subfield code="a">From the UDN01</subfield>
  </datafield>
  <datafield tag="TYP" ind1=" " ind2=" ">
   <subfield code="a">Monograph</subfield>
  </datafield>
  <datafield tag="TYP" ind1=" " ind2=" ">
   <subfield code="a">Printed language</subfield>
  </datafield>
  <datafield tag="980" ind1=" " ind2=" ">
   <subfield code="a">Mạng thư viện Đại học Đà Nẵng</subfield>
  </datafield>
 </record>
</collection>
